Quick Pick: NFL Teams by Last MVP Quiz Stats

 Plays Quiz Updated Feb 5, 2017

Challenge
Share
Tweet
Embed
Score 0/24 Timer 01:30
0 Plays Today
% Correct
Patriots
90.8%
Packers
88.7%
Dolphins
88.5%
Panthers
87.4%
Vikings
86.4%
Colts
86%
Cowboys
85.9%
49ers
85.7%
Falcons
85.4%
Bears
82.5%
Lions
81.7%
Chargers
81.6%
% Correct
Steelers
81.4%
Rams
80.6%
Broncos
78.3%
Giants
77.8%
Titans
74.8%
Seahawks
72.9%
Redskins
72.8%
Bengals
70.3%
Raiders
69.6%
Bills
67.6%
Browns
58.6%
Eagles
50.4%

Today's Daily Dose

Missing Word
Bible Verses

Quick Pick
Brad Pitt Roles

On This Day
July 21st II

You're not logged in!

Compare scores with friends on all Sporcle quizzes.
Join for Free
OR
Log In

You Might Also Like...

Show Comments

Extras

Top Quizzes Today


Score Distribution

Your Account Isn't Verified!

In order to create a playlist on Sporcle, you need to verify the email address you used during registration. Go to your Sporcle Settings to finish the process.

Report this User

Report this user for behavior that violates our Community Guidelines.

Details: